| 000 | 01145nam a22003377a 4500 | ||
|---|---|---|---|
| 003 | CHAP | ||
| 005 | 20220329140330.0 | ||
| 008 | 971013s1982 r 00010 d | ||
| 010 | _a50533 | ||
| 011 | _a51505 | ||
| 035 | _a55655 | ||
| 040 | _cCHAP | ||
| 090 | _aTesis | ||
| 100 | 0 | 0 |
_aVillegas Monter, Angel. _9119758 |
| 245 | _aPropagación de cultivares de manzano (Malus pumilla Mill) in vitro | ||
| 260 |
_aChapingo, Méx. : _bEl autor, _c1982 |
||
| 300 |
_a88 h. _b; gráfs. |
||
| 502 | _aTesis (M.C. Esp. en Fruticultura) -- Colegio de Postgraduados. Centro de Genética | ||
| 590 |
_aALEPH _b10 _c20130110 _lUCH01 _h1325 |
||
| 590 |
_aBATCH-UPD _b10 _c20130110 _lUCH01 _h0759 |
||
| 590 |
_aBATCH-UPD _b10 _c20130410 _lUCH01 _h0438 |
||
| 590 |
_aBATCH-UPD _b10 _c20130914 _lUCH01 _h1745 |
||
| 590 |
_aCONVERSION _b10 _c20130109 _lUCH01 _h1327 |
||
| 650 | 1 | 4 |
_aManzana _xPropagación. _970798 |
| 650 | 1 | 4 |
_aPropagación de árboles frutales. _992415 |
| 901 | _aBK | ||
| 942 | _cFOLL | ||
| 949 |
_bBC _cTES _d-122010 _eTS1 _i55655 _si |
||
| 949 |
_bBC _cTES _d-122011 _eTS2 _fc.2 _i55655 _si |
||
| 949 |
_bBC _cTES _d33724000598850 _eTS2 _fc.3 _i55655 _si |
||
| 999 |
_c50533 _d50533 |
||